| 000 | 00648nam a22001817a 4500 | ||
|---|---|---|---|
| 005 | 20250430111747.0 | ||
| 010 | _aENG-144770 | ||
| 020 |
_a9788192543093 _c600.00 |
||
| 035 | _aEN-128302 | ||
| 037 | _bDBAD/PUB | ||
| 082 | _a301.0954 | ||
| 100 |
_aGoradia,Prafull _980945 |
||
| 245 |
_aJinnah Proposed,Gandhi Disposed: _cPrafull Goradia,K.R. Phanda _b...Thus India Divided/ |
||
| 260 |
_aNew Delhi _bCARRIED, a unit of SAMARTH, a trust _c2014 |
||
| 270 |
_aPost Box No. 7312, Sriniwaspuri _bNew Delhi _k01129842070 _e110065 _l01129842546 _mcarried@samarth.co.in |
||
| 300 |
_a269p. _c23 cm(pbk) |
||
| 942 |
_2ddc _cEN _h301.0954 _mGOR |
||
| 999 |
_c211111 _d211111 |
||